000 00906cam a22002413a 4500
001 31155
003 PGUSA
005 20140828083656.0
008 100201s2010||||xxu|||||s|||||000 | eng d
040 _aPGUSA
_beng
042 _adc
050 4 _aPR
245 1 4 _aThe Academy Keeper :
_bOr Variety of useful Directions Concerning the Management of an Academy, The Terms, Diet, Lodging, Recreation, Discipline, and Instruction of Young Gentlemen. With the Proper Methods of addressing Parents and Guardians of all Ranks and Conditions
_h[electronic resource] /
_cAnonymous
260 _bProject Gutenberg,
_c2010
506 _aPublic domain in the USA.
516 _aElectronic text
653 _aSatire, English
653 _aBoarding schools
653 _aSchool management and organization
830 0 _aProject Gutenberg
_v31155
856 4 0 _uhttp://www.gutenberg.org/ebooks/31155
942 _cEB
999 _c260410
_d260410